02594cam a2200277 a 4500003000400000005001700004008004100021020001500062020001800077040002200095041000800117082002700125100002900152245011800181250004300299260008500342300006800427504006100495505092200556520060301478650004502081650004602126650004202172651005502214651004702269OSt20211007130902.0110224s2009 mx ad r 001 0 spa d a6074620067 a9786074620061 aCO-BoPUJcCO-JMCR0 aspa04a338.17373 /bP153c2231 aPalacios, Marco, eautor13aEl café en Colombia, 1850-1970 : buna historia económica, social y política /cMarco Antonio Palacios Rozo a4a edición, corregida y actualizada. aMéxico : bEl Colegio de México : bCentro de Estudios Históricos, c2009. a575 páginas : bilustraciones, gráficas y tablas ; c23 cm. aBibliografía : páginas 525-553, glosario e índice.0 gEl café en el mundo y en Colombia. -- Exportar o perecer en el camino a la civilización. -- Los comerciantes durante la primera expansión cafetera (c. 1850-1910). -- Divisiones políticas, inflación, devaluación y ciclo cafetero. -- Negocio cafetero y ascenso de una oligarquía. -- Problemas de rentabilidad y de endeudamiento hipotecario en las haciendas de café. -- Tierra y sociedad : la región bogotana. -- Tierra y sociedad : la colonización antioqueña. -- La organización de las haciendas de café (1870-1940). -- Condiciones de vida y conflictos en las haciendas. -- Brasil y los campesinos colombianos protegen el negocio cafetero. -- El modelo liberal cafetero. -- La Federación Nacional de Cafeteros y el "el partido del café". -- Transformaciones de la estructura productiva cafetera, c. 1932-1970. -- El campesino : de héroe a villano, y el ascenso del empresario caficultor.0 a"Palacios logra integrar en una narrativa única en forma excepcional los aspectos económicos, sociales y políticos del tema, manteniéndose atento al mismo tiempo a los aspectos generales del proceso cafetero y a las más minuciosas historias de caso y basándose en una extensa bibliografía secundaria y en el más amplio espectro de archivos públicos y privados. Este trabajo que revisa muchas de las concepciones e interpretaciones acepta das por historiadores tradicionales y recientes, está destinado a convertirse en uno de los clásicos de la historiografía colombiana..."14aEconomía cafeterazColombiay1850-197024aIndustria del cafézColombiay1850-197024aCaféxComerciozColombiay1850-197024aColombiaxCondiciones socioeconómicasy1850-197024aColombiaxPolítica y gobiernoy1850-1970